Administración de ventas

Guardat en:
Dades bibliogràfiques
Autors principals: Johnston, Mark W (Autor), Marshall, Greg W (Autor)
Format: Llibre
Idioma:espanyol
Publicat: Ciudad de México McGraw Hill 2009
Edició:2a. ed
Matèries:
Etiquetes: Afegir etiqueta
Sense etiquetes, Sigues el primer a etiquetar aquest registre!

MARC

LEADER 00000cam a2200000 a 4500
001 UCH5180
003 CL-VaPUC
005 20250225104127.0
008 091008e20090000MX |||||||||||||||||spa|d
999 |c 336363  |d 336361 
020 |a 9789701072820 
040 |c Pontificia Universidad Católica de Valparaíso 
082 0 4 |a 658.81  |b JOH  |2 21 
100 |a Johnston, Mark W  |e author  |9 543780 
245 1 0 |a Administración de ventas 
250 |a 2a. ed 
260 |a Ciudad de México  |b McGraw Hill  |c 2009 
300 |a 498 p 
500 |a 9a. ed. en inglés 
583 |a last modification  |c 20120301 10:41:14  |k Rodrigo Vera 
650 0 |a Vendedores  |9 365637 
650 0 |a Gestión de ventas  |9 407932 
650 0 |a Relaciones con el cliente  |9 474175 
650 0 |a Planificación estratégica   |9 259735 
700 0 |a Marshall, Greg W  |e author  |9 541382 
942 |c BK  |2 ddc 
945 |d 20091008 00:00:00  |a rbrito 
952 |0 0  |1 0  |4 0  |6 658_810000000000000_JOH_2009  |7 0  |8 R  |9 427583  |a BIBENE  |b BIBENE  |d 2019-11-22  |i 4843177  |l 1  |o 658.81 JOH 2009  |p 4843177  |r 2025-01-15  |s 2023-08-23  |w 2019-11-22  |y BK_R  |k ICO